01326nam a2200277 i 4500003000900000005001700009007000300026008004100029020001800070040003000088082001900118110005800137245029200195250002300487264005300510300005800563336002700621337003400648338002800682500007100710700004800781700005200829700006200881700005700943700004801000DO-SdBNP20250919112547.0ta240219s2023 dr ao 000 0 spa d a9789945643794 aDO-SdBNPbspacBNPHUerda axxxbT822j2221 aRepública Dominicana.bCorte de Constitucionalidad 10aComisión de igualdad de género : bdiscursos del presidente del Tribunal Constitucional de la República Dominicana /ccomisión, Alba Luisa Beard Marcos, Manuel Ulises Bonnelly Vega, María del Carmen Santana de Cabrera, José Alejandro Vargas Guerrero, Eunisis Vásquez Acosta aPrimera edición  1aSanto Domingo :bTribunal Constitucional,c2023. a83 páginas, bilustraciones, fotografíasc26 cm. atextobtxt2rdacontent asin mediación bn2rdamedia avolumenbnc2rdacarrier aIncluye datos biografícos de Milton Ray Guevara en las solapas. 1 aBeard Marcos, Alba Luisa ecomisión 4co.1 aBonnelly Vega, Manuel Ulises ecomisión 4co.1 aSantana de Cabrera, María del Carmen ecomisión 4co.1 aVargas Guerrero, José alejandro ecomisión 4co.1 aVásquez Acosta, Eunisisecomisión 4co.